=LDR 00000nam 2200000 4500 =001 NUTBA000000000001430 =005 20210211093345 =035 ##$$a 0010-041400000000700 =008 210211###########################0###### =020 ##$$a 979-619-012-5 =082 ##$$a 307.2-Yud-t =100 #$$a Yudohusodo,Siswono =245 1#$$a Transmigrasi : $b Kebutuhan Negara Kepulauan Berpenduduk Heterogen dengan Persebaran yang timpang =250 ##$$a cet.1 =260 ##$$a Jakarta :$b Jurnalindo Aksara Grafika,$c 1998 =300 ##$$a xxiv,256 hlm ; $c 23 cm =084 ##$$a 307.2-Yud-t =990 ##$$a 000000606024